00486nam a2200109Ia 4500008004100000020001800041100008900059245014800148260002700296650001200323856004100335171212s9999 xx 000 0 und d a9780833048073 aFair, C. Christine;Crane, Keith;Chivvis, Christopher S.;Puri, Samir;Spirtas, Michael cFair, C. Christine;Crane, Keith;Chivvis, Christopher S.;Puri, Samir;Spirtas, MichaelaPakistanbCan the United States Secure an Insecure State? bRAND Corporationc2010 aHistory uwww.jstor.org/stable/10.7249/mg910af